Anuario chileno de relaciones internacionales
Shranjeno v:
| Glavni avtor: | |
|---|---|
| Format: | Knjiga |
| Jezik: | španščina |
| Izdano: |
Santiago
Jurídica de Chile
1969
|
| Teme: | |
| Oznake: |
Označite
Brez oznak, prvi označite!
|
MARC
| LEADER | 00000nam a2200000 a 4500 | ||
|---|---|---|---|
| 001 | UCT6956 | ||
| 003 | CL-VaPUC | ||
| 008 | 970113e19690000CL |||||||||||||||||spa|d | ||
| 082 | 0 | 4 | |a 341.3 |b VAR |2 21 |
| 100 | 0 | |a Vargas Carreño, Edmundo |e author |9 377422 | |
| 245 | 1 | 0 | |a Anuario chileno de relaciones internacionales |
| 300 | |a v | ||
| 942 | |c BK | ||
| 945 | |d 19970113 00:00:00 |a paguirre | ||
| 260 | |a Santiago |b Jurídica de Chile |c 1969 | ||
| 650 | 0 | |a Relaciones Internacionales |9 255740 | |
| 650 | 7 | |a TRATADOS |2 CL-VaPUC |9 377423 | |
| 650 | 0 | |a Jurisprudencia |9 255952 | |
| 650 | 0 | |a Derecho internacional |9 255637 | |
| 650 | 0 | |a Política internacional |9 255813 | |
| 650 | 0 | |a Cooperación internacional |9 255447 | |
| 583 | |a last modification |c 20150415 04:04:23 |k Rodrigo Vera | ||
| 999 | |c 255625 |d 255623 | ||
| 952 | |0 0 |1 0 |2 ddc |4 0 |6 341_300000000000000_VAR_1969 |7 1 |8 C_LRYV |9 277961 |a FDOBRV |b BIBDER |d 2019-11-19 |h v.1 |i 1804790 |o 341.3 VAR 1969 |p 1804790 |r 2023-01-25 |w 2019-11-19 |y BK_X |k BRV | ||
| 952 | |0 0 |1 0 |4 0 |6 341_300000000000000_VAR_1969 |7 0 |8 A |9 277962 |a BIBDER |b BIBDER |d 2019-11-19 |h v.1 |i 1804782 |o 341.3 VAR 1969 |p 1804782 |r 2023-01-25 |w 2019-11-19 |y BK |k DER | ||
| 952 | |0 0 |1 0 |4 0 |6 341_300000000000000_VAR_1969 |7 0 |8 A |9 277963 |a BIBDER |b BIBDER |d 2019-11-19 |h v.1 |i 1804812 |o 341.3 VAR 1969 |p 1804812 |r 2019-11-19 |w 2019-11-19 |y BK |k DER | ||